Stadium Nicknames - Statistics

General Stats
  • This quiz has been taken 4 times
  • The average score is 7 of 20
Answer Stats
Hint Answer % Correct
Michigan Stadium (Michigan Football) The Big House
100%
Indianapolis Motor Speedway The Brickyard
100%
Tiger Stadium (LSU Football) Death Valley
75%
Lambeau Field (Green Bay Packers) The Frozen Tundra
75%
Madison Square Garden (NY Rangers/Knicks) The World's Most Famous Arena/The Mecca/MSG/The Garden
75%
AT&T Stadium (Dallas Cowboys) Jerry's World
50%
Ohio Stadium (Ohio State Football) The Shoe
50%
Ben Hill Griffin Stadium (Florida Football) The Swamp
50%
Neyland Stadium (Tennessee Football) Rocky Top
25%
Prudential Center (New Jersey Devils) The Rock
25%
Tropicana Field (Tampa Bay Rays) The Trop
25%
Dodger Stadium Chavez Ravine
0%
Wrigley Field (Chicago Cubs) Friendly Confines
0%
Beaver Stadium (Penn State Football) Happy Valley
0%
Citizens Bank Park (Philadelphia Phillies) The Bank
0%
FBC Mortgage Stadium (UCF Football) The Bounce House
0%
Amica Mutual Pavillion (Providence Basketball) The Dunk
0%
Kauffman Stadium (Kansas City Royals) The K
0%
Lincoln Financial Field (Philadelphia Eagles) The Line
0%
United Center (Chicago Blackhawks/Bulls) The Madhouse
0%
No matching quizzes found
Score Distribution
Percent of People with Each Score
Percentile by Number Answered
Your Score History
You have not taken this quiz